| 000 -LEADER | |
|---|---|
| fixed length control field | 00401nam a22001697a 4500 |
| 005 - DATE AND TIME OF LATEST TRANSACTION | |
| control field | 20160701145151.0 |
| 008 - FIXED-LENGTH DATA ELEMENTS--GENERAL INFORMATION | |
| fixed length control field | 160701b xxu||||| |||| 00| 0 eng d |
| 020 ## - INTERNATIONAL STANDARD BOOK NUMBER | |
| ISBN | 978-93-80027-72-2 |
| 041 ## - LANGUAGE CODE | |
| Language code of text/sound track or separate title | eng |
| 082 ## - DEWEY DECIMAL CLASSIFICATION NUMBER | |
| Item number | 18391 |
| 100 ## - MAIN ENTRY--AUTHOR NAME | |
| Personal name | Upadhyay, A K |
| 245 ## - TITLE STATEMENT | |
| Title | Fluid Mechanics |
| 260 ## - PUBLICATION, DISTRIBUTION, ETC. (IMPRINT) | |
| Name of publisher | S.K. Kataria & Sons |
| Year of publication | 2012 |
| 300 ## - PHYSICAL DESCRIPTION | |
| Number of Pages | 401 |
| 650 ## - SUBJECT ADDED ENTRY--TOPICAL TERM | |
| Topical Term | Diploma Engineering |
| 942 ## - ADDED ENTRY ELEMENTS (KOHA) | |
| Koha item type | Books |
| Lost status | Damaged status | Home library | Current library | Shelving location | Date acquired | Cost, normal purchase price | Full call number | Accession Number | Koha item type | Collection code |
|---|---|---|---|---|---|---|---|---|---|---|
| JRU Library | SHELF-42-E | 01/07/2016 | 225.00 | 18391 | 18391 | Books | ||||
| JRU Library | SHELF-42-E | 01/07/2016 | 225.00 | 18391 | 18392 | Books | ||||
| JRU Library | SHELF-42-D | 01/07/2016 | 225.00 | 18391 | 18393 | Books | ||||
| JRU Library | 01/07/2016 | 225.00 | 18391 | 18394 | Books | |||||
| JRU Library | SHELF-42-D | 01/07/2016 | 225.00 | 18391 | 18395 | Books | Reference | |||
| JRU Library | SHELF-42-C | 01/07/2016 | 225.00 | 18391 | 18396 | Books | ||||
| JRU Library | SHELF-42-C | 01/07/2016 | 225.00 | 18391 | 18397 | Books | ||||
| JRU Library | SHELF-42-D | 01/07/2016 | 225.00 | 18391 | 18398 | Books | ||||
| JRU Library | SHELF-42-C | 01/07/2016 | 225.00 | 18391 | 18399 | Books | ||||
| JRU Library | SHELF-42-E | 01/07/2016 | 225.00 | 18391 | 18400 | Books | ||||
| JRU Library | SHELF-42-C | 01/07/2016 | 225.00 | 18391 | 18401 | Books | ||||
| JRU Library | SHELF-42-C | 01/07/2016 | 225.00 | 18391 | 18402 | Books | ||||
| JRU Library | SHELF-42-C | 01/07/2016 | 225.00 | 18391 | 18403 | Books | ||||
| JRU Library | SHELF-42-D | 01/07/2016 | 225.00 | 18391 | 18404 | Books | ||||
| JRU Library | SHELF-42-C | 01/07/2016 | 225.00 | 18391 | 18405 | Books | ||||
| JRU Library | 01/07/2016 | 225.00 | 18391 | 18406 | Books | |||||
| JRU Library | SHELF-42-C | 01/07/2016 | 225.00 | 18391 | 18407 | Books |